| 000 | 00675cam a2200241 4500 | ||
|---|---|---|---|
| 008 | 090401t1998 xxu||||| |||| 00| 0 eng d | ||
| 020 | _a1859460410 | ||
| 035 | _a(Sirsi) u93045 | ||
| 041 | _aeng | ||
| 050 | _a692.2 | ||
| 100 | _aMorrow, Nicol Stuart | ||
| 245 | _aParty walls workbook : a guide for architects appointed to act as party wall surveyor. | ||
| 260 |
_aLondon _bRIBA Publications _c1998 |
||
| 300 | _a75p. : ill. ; 30cm. | ||
| 350 | _a20 | ||
| 650 | _aPARTY WALL AWARDS | ||
| 650 | _aPARTY WALL ETC ACT 1996 | ||
| 650 | _aPARTY WALL SURVEYORS | ||
| 650 |
_aParty walls _96258 |
||
| 690 | _aBUILT ENVIRONMENT | ||
| 942 | _n0 | ||
| 948 | _c28/04/1999 | ||
| 999 |
_c97801 _d97801 |
||